000 00502cam a2200193ua 4500
001 1828
008 110811n ii |||gr||||Z||||||asm
020 _a81-7331-150-1
040 _cMAIN
082 _a370.54
100 _aBaruah, Jatin.,
245 1 _aBharatar siksha samasyat dristipat.
_cBy Jatin Baruah.
250 _a1st.
260 _aGowahati:
_bLawers book stall.,
_c2007.
300 _a486 p.:
_c23 cm.
653 _aEducation.
653 _aBharatar siksha samasyat dristipat.
942 _cBK
999 _c1711
_d1711